1097 1118 1469 1801 1128 1696 1817 1387 1946 1665 1734 1833 1473 1673 1070 1981 1985 1809 1152 1314 1409 1260 1988 1529 1372 1408 1669 1224 1053 1620 1546 1292 1700 1985 1710 1133 1308 1345 1041 1229 1068 1519 1878 1880 1641 1054 1099 1718 1447 1652 1001 1275 1179 1606 1495 1634 1472 1300 1897 1281 1678 1725 1683 1576 1146 1286 1012 1458 1182 1412 1900 1239 1199 1722 1719 1634 1340 1174 1802 1153 1978 1094 1001 1181 1616 1860 1641 1887 1639 1937 1612 1755 1929 1976 1680 1678 1568 1647 1324 BCNSPRNW ULIB Ver.6.0+V

เปลี่ยนเป็นภาษาไทย

Change to English
 แสดงรายละเอียดบรรณานุกรม
  กลับหน้าหลัก

Brief Record : Get Marc (ISO 2709) : E-mail record : QR code < ปิดหน้าต่าง
LEADER : 00000nam 2200000uu 4500
001    13399115240
003     ULIB
008    120806s2550||||th 000 0 tha d
020    ^a9789747743067
060 04 ^aWB100^bพ786ร 2550
245 00 ^aรู้ทันโรค =^bAll about diseases/^cพิสุทธิพร ฉ่ำใจ, บก. เรียบเรียง
246 31 ^aAll about diseases
250    ^aพิมพ์ครั้งที่ 1
260    ^aกรุงเทพฯ :^bต้นธรรม,^c2550
300    ^a272 หน้า :^bภาพประกอบ
650  7 ^aการดูแลสุขภาพตนเอง
650  7 ^aโรคและความผิดปกติ
650  7 ^aอาการเจ็บป่วย
700 0  ^aพิสุทธิพร ฉ่ำใจ,^eบรรณาธิการ
945    ^p190^l0^i14394
995    ^aกัณชพร
999    ^aใช้งานได้ทุกระบบ
รายการนี้ยังไม่มีแท็ก
คุณยังไม่ได้ล็อกอิน คุณสามารถมีกิจกรรมร่วมกับเว็บไซต์ได้ แต่ต้องล็อกอินก่อน ::
  ล็อกอิน

รายการสื่อสารสนเทศ

ลำดับที่ ประเภท เลขเรียก/บาร์โค้ด สถานที่ สถานะ
- ไม่พบข้อมูล -

รายการใกล้เคียง
    หัวเรื่อง [การดูแลสุขภาพตนเอง]
    หัวเรื่อง [โรคและความผิดปกติ]
    หัวเรื่อง [อาการเจ็บป่วย]

BibComment


ยังไม่เคยถูกคอมเมนท์

คอมเมนท์ทรัพยากรรายการนี้
  คอมเมนท์: รู้ทันโรค All a..


 Copyright 2026. Bcnsprnw @Library